Missing Word: TV Shows with 'R' Quiz Stats

 Plays Quiz Updated Apr 7, 2012

Support Sporcle.
Go Orange.
Score 0/20 Timer 02:00
1 Play Today
Television Show Missing Word % Correct
Everybody Loves _______Raymond
95.9%
The Price Is _____Right
95.3%
30 ____Rock
95%
Walker, Texas ______Ranger
91.7%
Parks and __________Recreation
88.8%
The Young and the ________Restless
86.8%
_______ RouletteRussian
84.6%
The Amazing ____Race
83.6%
Make ____ for DaddyRoom
80.9%
The Colbert ______Report
79.8%
Television Show Missing Word % Correct
_______ and StimpyRen
78.7%
The Adventures of ___ Tin TinRin
76.8%
That's So _____Raven
74.6%
______ HopeRaising
68.1%
Buck ______ in the 25th CenturyRogers
63.6%
WWE ___Raw
51.8%
The ________ FilesRockford
48.4%
_______ & IslesRizzoli
38.8%
The ___ PatrolRat
36.8%
Little _______Rascals & Robots
28.3%

Today's Daily Dose

Word Ladder
ING Words

Get the Picture
Nearest Volcano

From the Vault

Rhymes With Sporcle?

by JoeBeta

We might need to look up the definition of rhyming one more time...
Remove Ads.
Support Sporcle.
Get the best of Sporcle when you Go Orange. This ad-free experience offers more features, more stats, and more fun while also helping to support Sporcle. Thank you for becoming a member.

Show Comments

Extras

Top Quizzes Today


Score Distribution

Your Account Isn't Verified!

In order to create a playlist on Sporcle, you need to verify the email address you used during registration. Go to your Sporcle Settings to finish the process.

Report this User

Report this user for behavior that violates our Community Guidelines.

Details: